header

Kenyan khat (Record no. 22767)

MARC details
000 -LEADER
fixed length control field 01418nam a22003734a 4500
082 04 - DEWEY DECIMAL CLASSIFICATION NUMBER
Classification number 362.29/9
100 1# - MAIN ENTRY--AUTHOR NAME
Personal name Carrier, Neil C. M.
245 10 - TITLE STATEMENT
Title Kenyan khat
260 ## - PUBLICATION, DISTRIBUTION, ETC. (IMPRINT)
Place of publication Leiden ;
-- Boston :
Name of publisher Brill,
Year of publication 2007.
300 ## - PHYSICAL DESCRIPTION
Number of Pages xv, 270 p., [16] p. of plates :
Other physical details maps .
490 1# - SERIES STATEMENT
Series statement African social studies series,
650 #0 - SUBJECT ADDED ENTRY--TOPICAL TERM
Topical Term Khat.
Topical Term Khat
Topical Term Drug traffic
Topical Term Drug control.
856 40 - ELECTRONIC LOCATION AND ACCESS
Uniform Resource Identifier http://site.ebrary.com/lib/rucke/Doc?id=10270807

No items available.

© 2026 Rongo University
Contact us: librarian | system librarian | Rongo university